000 00514nam a22002177a 4500
003 UA-OsUOA
001 41227
007 ta
008 20060919b un ||||| |||| 00| 0 ukr d
100 _aSkowronek J.
090 _a94(438)
942 _cBK
040 _aUA-OsUOA
_bpol
_cUA-OsUOA
_dUA-OsUOA
245 _aKsiaze Jozef Poniatowski
300 _a286 с.
955 _a2
041 _apol
080 _a94(438)
650 7 _a9 Географія. Біографії. Історія
_2UDC
999 _c327326
_d327326